000 00766cam a22002414a 4500
001 12700942
005 20171227050139.0
008 020312s2003 maua b 000 0 eng
010 _a 2002018537
020 _a0205368069 (pbk.)
040 _aDLC
_cDLC
_dDLC
041 _aeng
042 _apcc
080 _a001.42 THOM
082 0 0 _a001.42 THOM
_221
100 1 _a50
101 _aSOC
245 1 0 _aSpotlight on social research /
_cAlexander R. Thomas, Polly J. Smith.
504 _aIncludes bibliographical references (p. 226-227)
906 _a7
_bcbc
_corignew
_d1
_eocip
_f20
_gy-gencatlg
942 _2ddc
_cBK
999 _c39482
_d39482